| 000 | 00748nam a2200193 a 4500 | ||
|---|---|---|---|
| 008 | 111011s1992 ||||||||||||||||| || u | ||
| 020 | _a0397548907 | ||
| 050 | _aRT 48.6 Car | ||
| 100 | _aCarpenito, Lynda Juall | ||
| 245 | 1 | 0 | _aNursing diagnosis: application to clinical practice. (4th ed.) |
| 250 | _a4th ed. | ||
| 260 |
_aNew York: _bJ. B. Lippincott Company _c1992 |
||
| 300 | _axxviii, 1134p.: ill. | ||
| 350 | _a0.00 | ||
| 650 | _aNURSING--HANDBOOKS, MANUALS, ETC | ||
| 650 | _aNURSING DIAGNOSIS | ||
| 650 | _aPATIENT CARE PLANNING--OUTLINES | ||
| 995 |
_aMEDICAL LIBRARY OPEN ACCESS _D0.00 _e900108 _FCBU-SCHOOL OF MEDICINE LIBRARY (Ndola) _H1 _I0.00 _jRT 48.6 Car _M1 _UAVAILABLE _WOct 11, 2011 _y900108 _ZMedical Library Open Access Collection |
||
| 999 |
_c32207 _d32207 |
||